000 00284nam a2200109 4500
008 b xx# fre u
040 _aLB-BrCRDP
082 1 _a740
_bBAR
245 1 0 _aMon zoo en papier
_cEdith Barker
942 _cBK
999 _c9601
_d9601